| 000 | 01286 a2200265 4500 | ||
|---|---|---|---|
| 999 |
_c10945 _d10945 |
||
| 020 | _a0804735190 | ||
| 050 | 0 | 0 |
_aHB75 _b.MUR 1996 |
| 100 | 1 |
_aMurakami, Yasusuke, _d1931-1993. _eauthor |
|
| 245 | 1 | 3 |
_aAn anticlassical political-economic analysis : _ba vision for the next century / _cYasusuke Murakami ; translated with an introduction by Kozo Yamamura. |
| 264 |
_aCalifonia: _bStanford University Press, _c1996 |
||
| 300 |
_axxix, 476 p. : _bill. ; |
||
| 336 |
_2text _arda content _btx |
||
| 337 |
_2unmediated _arda media _bn |
||
| 338 |
_2volume _arda carrier _bnc |
||
| 504 | _aIncludes bibliographical references (p. [437]-463) and index. | ||
| 650 | 0 |
_aEconomics _xHistory. |
|
| 650 | 0 |
_aEconomic policy _xHistory. |
|
| 650 | 0 |
_aNeoclassical school of economics _xHistory. |
|
| 700 |
_a Kozo Yamamura. _etranslator |
||
| 856 | 4 | 2 |
_3Publisher description _uhttp://www.loc.gov/catdir/description/cam027/95048950.html |
| 856 | 4 | 1 |
_3Table of contents _uhttp://www.loc.gov/catdir/toc/cam027/95048950.html |
| 856 | 4 | 2 |
_3Contributor biographical information _uhttp://www.loc.gov/catdir/enhancements/fy0710/95048950-b.html |
| 942 |
_2lcc _cBK _h75 _iMUR 1996 _kHB |
||